Addison Rae Filmography - Statistics

General Stats
  • This quiz has been taken 26 times
    6 since last reset
  • The average score is 4 of 15
Answer Stats
Type Year Name % Correct
Film 2021 He's All That
100%
Film 2023 Thanksgiving
60%
Documentary Series 2022 Addison Rae Goes Home
40%
Film 2026 Animal Friends
40%
Music Video 2021 Obsessed
40%
Music Video 2020 Blueberry Faygo
20%
Music Video 2020 Canceled
20%
Film 2018 Spy Cat
20%
Web Series 2023 The Kardashians
20%
Music Video 2023 You Only Love Me
20%
Web Series TBA Monsters
0%
Commercial 2024 Nerds
0%
Commercial 2021 Pandora
0%
Film TBA Thanksgiving 2
0%
Podcast 2020-2021 That Was Fun? with Addison & Sheri
0%
No matching quizzes found
Score Distribution
Percent of People with Each Score
Percentile by Number Answered
Your Score History
You have not taken this quiz since the last reset